| 000 | 00710nam a2200205Ia 4500 | ||
|---|---|---|---|
| 003 | LK-CoDNM | ||
| 005 | 20241128112348.0 | ||
| 008 | 010623t1982 xxu||||| |||| 00| 1 sin d | ||
| 040 |
_aLK-CoDNM _dLK-CoDNM _eLK-CoDNM |
||
| 041 | _asin | ||
| 080 |
_a294.32 _bDHA |
||
| 100 | _aපූජ්ය පණ්ඩිත මාතර ශ්රී ධර්මවංශ හිමි | ||
| 245 | _aඅභිධර්ම චන්ද්රිකාව,විථි පාදය-1982 | ||
| 246 | _aAbhidharma Chandrikawa. : Vithi Padaya | ||
| 260 |
_bතරුණ බෞද්ධ සංගමය _aකොළඹ _c1982 |
||
| 300 | _b51p. ; 18 cm | ||
| 650 | _a1982 | ||
| 650 | _aBuddhism | ||
| 942 | _cBK | ||
| 999 |
_c111927 _d111927 |
||